000 00288nam a22001337a 4500
008 190227b xxu||||| |||| 00| 0 eng d
020 _a0201063298
041 _aeng
080 _a616
100 _a9
101 _aPAT
245 _aBasic Pathophysiology
_cRamsey,J.S
942 _2udc
_cBK
999 _c54340
_d54340